| 000 | 01040nam a22002177a 4500 | ||
|---|---|---|---|
| 999 |
_c181390 _d181390 |
||
| 005 | 20210910125315.0 | ||
| 010 | _aENG-129909 | ||
| 020 |
_a978-93-9121-1134-4 _c2995.00 |
||
| 035 | _a EN-113441 | ||
| 037 | _bDBAD/PUB | ||
| 082 | _a340.0917645 | ||
| 100 | _aDinshaw Fardunji Mulla | ||
| 245 |
_aHindu Law : _c by Dinshaw Fardunji Mulla , Desai, Satyajeet A _bIn India,Pakistan,Bangladesh Burma,ceylon, Malaysia & Singapore/ |
||
| 250 | _a24th ed. | ||
| 260 |
_bLexis Nexis _aIndia _c2021 |
||
| 270 |
_bGurgaon _e122002 _a14th Floor , Building No 10, Tower-B, DLF Cyber City, phase -ll _k+91 124 4774444 _l+91 124 4774100 _mhelp.in@lexisnexis.com |
||
| 300 |
_av.p. _c25cm(hbk) _bvol.1-2 |
||
| 500 | _avol.1 (The hindu marriage act,1955) the Hindu succession Act,1956 The Hindu minority & Guadianship Act,1956 The Hindu Adoptions & Maintenance Act,1956 | ||
| 700 | _aDesai,Satyajeet | ||
| 942 |
_2ddc _cEN _h340.0917 _mDIN |
||